| 000 | 00822cad a22001935a 4500 | ||
|---|---|---|---|
| 001 | L154662 | ||
| 008 | 120110s2012 xxk f 000 0 eng d | ||
| 035 | _a(Sirsi) u154662 | ||
| 041 | 0 | _aeng | |
| 110 | 2 |
_aHenderson Research _96002 |
|
| 245 | 0 | 0 |
_aThink/US 2012 _h[electronic resource] |
| 260 |
_a[S.l.] _bHenderson Global Investors _c2012 |
||
| 520 | _aViews prospects for United States residential property market in 2012. Market uncertainty will likely affect real estate price gains, as well as slowing property market recovery. | ||
| 590 | _aKA | ||
| 651 | 4 |
_aUnited States _y1959- |
|
| 690 | _aPROPERTY-RESIDENTIAL PROPERTY | ||
| 856 | 4 | 0 |
_uhttps://www.henderson.com/Documents/Library1/Institutional/Property/Research/article-2012-01-ThinkUS.pdf _zView the item free of charge at www.thedomain.co.uk |
| 942 | _n0 | ||
| 999 |
_c113090 _d113090 |
||